• 首页
  • 本馆介绍
  • 公告通知
  • 最新文献
  • 馆藏检索
  • 电子资源
  • 读者导购
  • 参考咨询
  • 我的图书馆
  • 登录
  • 详细信息显示
  • 放入我的书架
  • 预约/预借图书
  • 作者相关作品
  • 分类相关作品
  • 丛书相关作品
  • 出版社相关作品

书目信息

  • 表格格式
  • 工作单格式
  • 卡片格式
题名:
园林苗圃育苗手册
    
 
作者: 张东林 , 束永志 , 陈薇 编著
分册:  
出版信息: 北京   中国农业出版社  2003
页数: 10,265页
开本: 23cm
丛书名:
单 册:
中图分类: S723.1
科图分类:
主题词: 苗木 , 育苗 , 苗木--育苗--手册
电子资源:
ISBN: 7-109-08023-4
000 00938nam0 2200289 450
001 05002218162
005 20051206160212.65
010    @a7-109-08023-4@dCNY28.00
092    @aCN
100    @a20021227d2003 em y0chiy0110 ea
101 0  @achi@eeng
102    @aCN@b110000
105    @ak z 000yy
200 1  @a园林苗圃育苗手册@9yuan lin miao pu yu miao shou ce@f张东林,束永志,陈薇编著@Fzhang dong lin,shu yong zhi,chen wei bian zhu
210    @a北京@c中国农业出版社@d2003
215    @a10,265页@d23cm
330    @a本书阐述了园林苗圃的特点、作用和生产经营策略,育苗管理,苗木的移植等知识,并列举了138个树种的生态、习性及常规的繁育工艺。
606 0  @a苗木
606 0  @a育苗
606 0  @a苗木@x育苗@j手册
690    @aS723.1@v4
701  0 @a张东林@Azhang dong lin@4编著
701  0 @a束永志@Ashu yong zhi@4编著
701  0 @a陈薇@Achen wei@4编著
801  0 @aCN@bNLC@c20051206
905    @a10447@dS723.1@e18
999    @aHSJ
    
    园林苗圃育苗手册/张东林,束永志,陈薇编著.-北京:中国农业出版社,2003
    10,265页;23cm
    
    
    ISBN 7-109-08023-4:CNY28.00
    本书阐述了园林苗圃的特点、作用和生产经营策略,育苗管理,苗木的移植等知识,并列举了138个树种的生态、习性及常规的繁育工艺。
●
相关链接 在E读中查询图书 在五车中查询图书 在当当中查询图书 在豆瓣中查询图书


正题名:园林苗圃育苗手册     索取号:S723.1/18         预约/预借

序号 登录号 条形码 馆藏地/架位号 状态 备注
1 0370582   203705829   第二样本阅览室/ [索取号:S723.1/18] 在馆    
2 0370583   203705838   第三借阅区/ [索取号:S723.1/18] 在馆    
3 0370584   203705847   第三借阅区/ [索取号:S723.1/18] 在馆    
4 0370585   203705856   第三借阅区/ [索取号:S723.1/18] 在馆    
唐山师范学院图书馆 欢迎您!
大连网信软件有限公司© 版权所有